000 01598cam a2200325 i 4500
001 BD-DhNSU-30889
003 BD-DhNSU
005 20251116112305.0
008 251116s2022 mnua g b 001 0 eng d
020 _a9781647085339
040 _aDLC
_cBD-DhNSU
_dBD-DhNSU
041 _aeng
050 0 0 _aKZ1242.5
_b.O26 2022
100 1 _aO'Connell, Mary Ellen,
245 1 4 _aThe international legal system :
_bcases and materials /
_cby Mary Ellen O'Connell, Richard F. Scott and Naomi Roht-Arriaza.
246 3 0 _aInternational legal system
250 _a8th ed.
260 _aSt. Paul, MN :
_bFoundation Press,
_cc2022.
300 _axi, 1224 p. :
_bill. ;
_c26 cm.
490 0 _aUniversity casebook series
504 _aIncludes bibliographical references and index.
505 0 _aIntroduction to the international legal system -- The sources and evidence of international law -- Subjects of international law -- Jurisdiction and immunities -- Human rights -- Earth law : protection of the environment -- Earth law : the law of common spaces -- International economic and developement law -- International legal process : responsibility and dispute resolution -- International law and the use of force -- International law in national and regional systems -- Theories for the future of international law.
526 _aLaw
590 _aSumaiya Kainat Bintey Kohinoor
650 0 _aInternational law
_vCases.
650 0 _aInternational and municipal law
_zUnited States
_vCases.
700 1 _aScott, Richard,
_eauthor.
700 1 _aRoht-Arriaza, Naomi.,
_eauthor.
942 _2lcc
_cBK
999 _c30889
_d30889